| 000 | 00509nam a22001697a 4500 | ||
|---|---|---|---|
| 999 |
_c523876 _d523876 |
||
| 003 | NUST | ||
| 038 | _awaseem | ||
| 082 |
_a891.43301 _bKHA |
||
| 100 |
_aKhan, Mumtaz Ahmed _914700 |
||
| 245 |
_aUrdu Naval Ka Huma Geer Sarokar / _cMumtaz Ahmed Khan |
||
| 260 |
_aKarachi : _bMajra-e-Saraan Publications, _c2008. |
||
| 300 | _a256 p. ; | ||
| 500 | _aHardcover. | ||
| 880 |
_6100-02\r _aممتاز احمد خان |
||
| 880 |
_6245-02\r _aاردو ناول کے ہمہ گیر سروکار / |
||
| 942 |
_2ddc _cBK |
||